000 nam a22 7a 4500
999 _c8415
_d8415
008 180116b ||||| |||| 00| 0 eng d
100 _aGuha.I.etal.
_94814
245 _aGrammar Practice
260 _aIndia
_bOxford
_c2005